000 00735nam a2200253Ia 4500
003 OSt
005 20221005052634.0
006 a|||||r|||| 00| 0
007 ta
008 221004b |||||||| |||| 00| 0 eng d
024 _a71907
037 _cTextual
040 _aCRL
_cCRL
_beng
041 _2eng
_aeng
082 _aY33:421.3'N9, N5
100 _aHarpham Trudy Ed.
_9280275
245 0 _aUrben health in developing countries
_b Progress and prospects
260 _aLondon
_bEarthscan UK
_c1995
300 _axii,228p
_ccm.
650 _aSOCIOLOGY
700 _a Tanner Marcel Ed.
_9280276
942 _hY33:421.3'N9, N5
_cTEXL
_2cc
999 _c960726
_d960726